Myrdal y la economía del siglo XX (Record no. 138218)

MARC details
000 -LEADER
campo de control de longitud fija 00513nam a2200157 4500
001 - NÚMERO DE CONTROL
campo de control 138218
003 - IDENTIFICADOR DE NÚMERO DE CONTROL
campo de control ES-MaACL
005 - FECHA Y HORA DE LA ÚLTIMA TRANSACCIÓN
campo de control 20230906195527.0
007 - CAMPO FIJO DE DESCRIPCIÓN FÍSICA--INFORMACIÓN GENERAL
campo de control de longitud fija t|
008 - DATOS DE LONGITUD FIJA--INFORMACIÓN GENERAL
campo de control de longitud fija 070214s1972 sp r ||||1| spa d
100 1# - ENTRADA PRINCIPAL--NOMBRE DE PERSONA
Nombre de persona Sánchez Tarniella, Andrés.
9 (RLIN) 102946
245 10 - MENCIÓN DEL TÍTULO
Título Myrdal y la economía del siglo XX
Resto del título : hacia un nuevo concepto del problema económico /
Mención de responsabilidad, etc. Andrés Sánchez Tarniella.
260 ## - PUBLICACIÓN, DISTRIBUCIÓN, ETC.
Lugar de publicación, distribución, etc. Madrid :
Nombre del editor, distribuidor, etc. Afrodisio Aguado,
Fecha de publicación, distribución, etc. 1972.
300 ## - DESCRIPCIÓN FÍSICA
Extensión 125 p. ;
Dimensiones 18 cm.
852 ## - LOCALIZACIÓN
Ubicación ES-MaACL
Número de control de estantería C-52706
Sublocalización o colección R.83273
Holdings
Estatus retirado Estado de pérdida Estado de daño No para préstamo Biblioteca de origen Biblioteca actual Ubicación en estantería Fecha de adquisición Fuente de adquisición Total de préstamos Signatura topográfica completa Código de barras Visto por última vez Precio de reemplazo Tipo de ítem Koha
        Biblioteca del Ateneo de Madrid Biblioteca del Ateneo de Madrid Depósito 2 17/01/2008     C-52706 1143825 23/02/2023 23/02/2023 Libro impreso